000 00723nam a2200289Ia 4500
005 20260324124240.0
008 008 260324s9999 xx 000 0 eng d
020 _a9780203845967
037 _aEBOOK
040 _aCRL
040 _beng
040 _cCRL
041 _2eng
041 _aeng
084 _qCRL
100 _aElia Zureik; David Lyon; Yasmeen Abu-Laban
_91173428
245 0 _aSurveillance and Control in Israel/Palestine
245 0 _bPopulation, Territory and Power
260 _bTaylor and Francis
260 _c2010
365 _a
365 _b240
856 _uhttp://www.taylorfrancis.com/books/9780203845967
942 _cEBOOK
999 _c1767649
_d1767649